Полное собрание творений Платона. Т. 1: Ефтифрон | Апология Сократа | Критон | Федон (Запись № 8036431)

Подробности
000 -МАРКЕР
контрольное поле 01397nam2a22002651 4500
001 - ИДЕНТИФИКАТОР ЗАПИСИ
контрольное поле rc\3980082
005 - ИДЕНТИФИКАТОР ВЕРСИИ
контрольное поле 20250610123040.0
035 ## - ДРУГИЕ СИСТЕМНЫЕ НОМЕРА
Идентификатор записи (NLR Aleph) 007900751
100 ## - ДАННЫЕ ОБЩЕЙ ОБРАБОТКИ
Данные общей обработки 20130415d1956 |||y0rusy50 ca
101 0# - ЯЗЫК РЕСУРСА
Язык текста, звукозаписи и т.д. русский
102 ## - СТРАНА ПУБЛИКАЦИИ ИЛИ ПРОИЗВОДСТВА
Страна публикации Российская Федерация
105 ## - ПОЛЕ КОДИРОВАННЫХ ДАННЫХ: ТЕКСТОВЫЕ МАТЕРИАЛЫ, МОНОГРАФИЧЕСКИЕ
Кодированные данные о монографическом текстовом документе c z |||||
200 1# - ЗАГЛАВИЕ И СВЕДЕНИЯ ОБ ОТВЕТСТВЕННОСТИ
Основное заглавие Ефтифрон
-- Апология Сократа
-- Критон
-- Федон
Первые сведения об ответственности [Пер., введ. и примеч. С. Жебелева]
210 ## - ПУБЛИКАЦИЯ, РАСПРОСТРАНЕНИЕ И ДР.
Дата издания, распространения и т.д. 1956
Место издания, распространения и т.д. Б. м.
215 ## - ФИЗИЧЕСКАЯ ХАРАКТЕРИСТИКА
Специфическое обозначение материала и объем 216 с., 1 л. портр.
461 #0 - УРОВЕНЬ НАБОРА
Встроенное поле 001rc\3980081
-- 2001#$aПолное собрание творений$eВ 15 т.$fНовый пер. под ред. С.А. Жебелева.$vТ. 1
-- 700#0$aПлатон$f427-347 до н.э.$3RU\NLR\AUTH\779049
Системный номер (АБИС) связанной записи 8036425
Автор Платон (427-347 до н.э.)
Место публикации Петербург
Дата публикации 1922-1929
Первые сведения об ответственности новый перевод [с греческого] под редакцией С. А. Жебелева, Л. П. Карсавина, Э. Л. Радлова
Имя издателя, распространителя и т.д. Academia
Сведения, относящиеся к заглавию в 15 томах
Заглавие Полное собрание творений Платона
Номер тома Т. 1
702 #1 - ИМЯ ЛИЦА - ВТОРИЧНАЯ ОТВЕТСТВЕННОСТЬ
Код отношения Переводчик
-- Автор введения, предисловия, примечания и т.п.
-- Комментатор печатного текста
Графика поля Кириллица
Материалы, к которым относится поле rus
Начальный элемент ввода Жебелев
Часть имени, кроме начального элемента ввода С. А.
Даты 1867-1941
Расширение инициалов личного имени Сергей Александрович
Системный номер авторитетной/нормативной записи 266183
Идентификатор авторитетной/нормативной записи RU\NLR\AUTH\770266239
801 #0 - ИСТОЧНИК ЗАПИСИ
Страна Российская Федерация
Организация NLR
Правила каталогизации psbo
801 #1 - ИСТОЧНИК ЗАПИСИ
Страна Российская Федерация
Организация ELAR
Источник данных rusmarc
852 ## - МЕСТОНАХОЖДЕНИЕ И ШИФР ХРАНЕНИЯ
Идентификатор организации NLR
Шифр хранения (Call Number) 38.3.7.10(1)
852 ## - МЕСТОНАХОЖДЕНИЕ И ШИФР ХРАНЕНИЯ
Идентификатор организации NLR
Шифр хранения (Call Number) Мф К1/3194
942 ## - ДОПОЛНИТЕЛЬНЫЕ ЭЛЕМЕНТЫ ЗАПИСИ (АБИС)
Тип экземпляра АБИС Книга
980 ## - КОЛЛЕКЦИЯ
Название коллекции Национальная библиография
Экземпляры
Тип экземпляра Дата поступления Библиотека постоянного хранения Библиотека текущего хранения Место хранения Шифр хранения Штрих-код Статус экземпляра
Микрофильм 26.10.2013 РНБ (Московский) РНБ (Московский) Фонд микроформ Мф К1/3194 7900751-20  
Книга 26.10.2013 РНБ (Садовая) РНБ (Садовая) Русский книжный фонд -Главное здание, Ленинский читальный зал 38.3.7.10(1) 7900751-10